Fikcyjne miejsca A-Z - Statystyki

Ogólne statystyki
  • Ten quiz został rozwiązany 220 razy
    217 od ostatniego zresetowania
  • Średni wynik to 10 z 25
Statystyki odpowiedzi
Wskazówka Miejsce % Poprawnych
H Szkoła Harry'ego Pottera Hogwart
90%
N Gdzie można znaleźć mówiącego lwa o imieniu Aslan Narnia
80%
A Wyspa, która wpadła do oceanu w mitologii greckiej Atlantyda
78%
J Świat dżungli w grze planszowej Jumanji
75%
E Legendarna kraina w Ameryce Południowej pełna złota. El Dorado
66%
G Bruce Wayne był burmistrzem tego miasta tylko przez jeden dzień {Gotham} City
65%
B Gdzie mieszka SpongeBob Bikini Dolne
62%
Z Ma królika w swojej policji Zwierzogród
57%
U Idealne społeczeństwo Thomasa More’a Utopia
54%
W Kraj ojczysty Czarnej Pantery Wakanda
52%
V Majestatyczna sala w Asgardzie, do której trafia połowa poległych w bitwie Valhalla
46%
L Główne miasto Grand Theft Auto V Los Santos
38%
T Planeta rodzinna Luke'a Skywalkera Tatooine
36%
P Fantastyczny księżyc w filmie "Avatar" Pandora
31%
M podziemne miasto ze stworzonej przez Tolkiena mitologii Śródziemia Moria
30%
R Elficka placówka rządzona przez Elronda Rivendell
29%
D Skąd pochodzi Katniss Everdeen Dystrykt 12
27%
I Jego twórcą i pierwszym władcą był Imperator Palpatine Imperium Galaktyczne
24%
C Planeta rodzinna Transformerów Cybertron
19%
K Pierwszy region wszechświata Pokémon Kanto
19%
F Miasto, które mnie porusza, które mnie napędza i dodaje energii {Funky} Town
12%
S Mistyczny tybetański raj Shangri-La
11%
Q Miasto z „Family Guy” Quahog
10%
O Miasto maesterów w „Grze o tron” Oldtown
6%
X Majątek obywatela Kane'a Xanadu
6%
Nie znaleziono quizów pasujących do podanych kryteriów
Rozkład punktacji
Procent ludzi z każdym wynikiem
Percentyl według liczby udzielonych odpowiedzi
Twoja historia wyników
Nie rozwiązałeś tego quizu od ostatniego zresetowania